00822cam a2200205 a 450000100100000000500170001000800410002704000200006808200200008824501060010826000330021430000280024750000630027565000260033865000380036470000420040291000340044495201230047899900150060100000615520200929151944.0080102s1990 cu 001 p spa  aDO-SdBNPdBNPHU aCu861.44bM618t00aMi madre teje el humo de los días /cWaldo González López ; edición, Esther Toribio Padrón. aLa Habana :bAbril. ,c1990. a149 p. :bil. ;c21 cm. aFundación de la imprenta nacional de Cuba aniversario 30 4aPoesía cubana95226 4aLiteratura cubanaySIGLO XX991861 aToribio Padrón, Esther,eed.917287 aCatalogación por copia / LC 001052708MOaGRbGRcCTd2009-08-26iLF1l0oCu861.44 M618tp6155-10r2020-06-25w2020-06-25y2ZPréstamo interno c5951d5951